000 00623nam a2200241Ia 4500
008 170203s9999 xx 000 0 und d
020 _a0-439317924
050 _aFIc
050 _bG549m
100 _aGlassman, Jackie.
245 _aMr. Monopoly's amusement park:
245 _ba math adventure /
245 _cby Jackie Glassman ; illustrated by Jim Talbot.
260 _aNew York :
260 _bScholastic Inc.,
260 _c2001
300 _a32 pages :
300 _bcolor illustrations ;
300 _c23 cm.
440 _aMy first games readers.
650 _aCounting.
650 _aMoney.
999 _c306396
_d306396